000 00657nam a22002177a 4500
999 _c6947
_d6947
003 OSt
005 20210517101800.0
008 210517b ||||| |||| 00| 0 eng d
020 _a9781439876459
040 _cDDC
082 _a553.28 DAN 2013
100 _aDandekar, Abhijit Y
_914253
245 _aPetroleum reservoir rock and fluid properties
250 _a2nd ed
260 _aBoca Raton, FL :
_bCRC Press,
_c 2013
300 _axxv, 518 p. :
_bill. ;
_c24 cm
504 _aIncludes bibliographical references and index.
650 _aPetroleum reserves -- Fluid dynamics.
_914254
650 _aPetroleum engineering.
_912801
942 _2ddc
_cBOOK